Statystyki dla Zagraniczni zawodnicy występujący w Polonii Bydgoszcz

Kliknij tutaj aby rozwiązać quiz!

Ogólne statystyki

  • Ten quiz został rozwiązany 153 razy
    (67 od ostatniego zresetowania)
  • Średni wynik to 22 z 61

Statystyki odpowiedzi

NarodowośćLata startówOdpowiedź% Poprawnych
Francja2020-21David Bellego
80%
Dania2022Kenneth Bjerre
78%
Słowenia2022Matej Zagar
76%
Dania2020-21Andreas Lyager
68%
USA2013Greg Hancock
68%
Dania2014Lasse Bjerre
68%
Szwecja2004-10Andreas Jonsson
66%
Rosja2012Artiom Łaguta
59%
Francja2018-20Dimitri Berge
59%
Niemcy2016,20Kai Huckenbeck
59%
USA1992-94Sam Ermolenko
59%
Szwecja1991Tony Rickardsson
56%
Rosja2006-12Emil Sayfutdinow
54%
Dania2022Benjamin Basso
51%
Szwecja1995-01Henrik Gustafsson
51%
Australia/Polska2019Josh Grajczonek
51%
Rosja/Ukraina2013Aleksandr Łoktajew
49%
Wielka Brytania2001-03Mark Loram
49%
Rosja2021Wadim Tarasienko
49%
Szwecja2009-10Antonio Lindbaeck
44%
Łotwa2022Oleg Michaiłow
44%
Rosja2015-17Andriej Kudriaszow
41%
Dania2013-14Hans Andersen
41%
Wielka Brytania1992-95,98,04Andy Smith
39%
Australia1999Ryan Sullivan
39%
Rosja2012,16-17Wiktor Kułakow
39%
Dania2018Jonas Andersen
37%
Słowenia2018-20Matic Ivacic
34%
Rosja2021Jewgienij Sajdullin
32%
Szwecja2007-09Jonas Davidsson
32%
Szwecja1991Peter Karlsson
32%
Norwegia1993Lars Gunnestad
29%
Australia2000-03Todd WIltshire
29%
Australia2001Jason Lyons
27%
Wielka Brytania2000Joe Screen
27%
Australia2020Troy Batchelor
27%
Australia2021Brayden McGuinness
24%
USA1999Chris Manchester
24%
Rosja2010-11Denis Gizatullin
24%
Czechy1992,94Roman Matousek
24%
Łotwa2021Aleksiej Pilac
22%
Niemcy1999Gerd Riss
22%
Czechy2018Ondrej Smetana
22%
Australia1999-00Shane Parker
22%
Niemcy2008Christian Hefenbrock
20%
Szwecja1997Peter Nahlin
20%
Wielka Brytania2008Simon Stead
20%
Szwecja2014Dennis Andersson
17%
Szwecja1991Joergen Johansson
17%
Dania2018-19Rene Bach
17%
Niemcy2018-19Valentin Grobauer
17%
Rosja2012Danił Iwanow
15%
Szwecja1991Patrick Olsson
15%
USA1992Rick Miller
15%
Ukraina2018Andriej Kobrin
12%
Szwecja1999Eric Stenlund
12%
Dania2014-15Patrick Hougaard
12%
Czechy1999Jiri Stancl
10%
Australia2019Ricky Wells
7%
Szwecja2017Linus Ekloef
5%
Rosja2018Iwan Bolszakow
2%

Rozkład punktacji

Percentyl według liczby udzielonych odpowiedzi

Procent ludzi z każdym wynikiem

Twoja historia wyników

Nie rozwiązałeś tego quizu od ostatniego zresetowania